[Event "GER-chT U18 Girls"]
[Site "Germany"]
[Date "2011.05.14"]
[Round "4.3"]
[White "Graf, Janine"]
[Black "Samohvalov, Annika"]
[Result "1-0"]
[WhiteElo "864"]
[BlackElo "800"]
[PlyCount "73"]
[EventDate "2011.05.13"]
[EventType "team-swiss"]
[EventRounds "7"]
[EventCountry "GER"]
[SourceTitle "EXT 2012"]
[Source "ChessBase"]
[SourceDate "2011.11.24"]
[SourceVersion "1"]
[SourceVersionDate "2011.11.24"]
[SourceQuality "1"]
[WhiteTeam "Heilbronn EHKG (W)"]
[BlackTeam "Carolinum Gymn (W)"]
[WhiteTeamCountry "GER"]
[BlackTeamCountry "GER"]

1. e4 e5 2. Nf3 Nf6 3. Nc3 Bb4 4. Nxe5 Nc6 5. Nf3 d6 6. d4 Bg4 7. h3 Bh5 8. Qd3 Qe7 9. Bd2 0-0-0 10. 0-0-0 Bxc3 11. Bxc3 Nxe4 12. Qe3 Rhe8 13. Re1 Bxf3 14. gxf3 Ng5 15. f4 Ne4 16. Bc4 d5 17. Bb3 Qh4 18. Re2 Nf6 19. Qd3 Ne4 20. Qf3 Re6 21. Rg1 g6 22. Rg4 Qh5 23. a3 Nf6 24. Rxe6 fxe6 25. Rg3 Ne7 26. Qe3 Nf5 27. Qxe6+ Nd7 28. Rg2 Qxh3 29. Rg1 Ng7 30. Qxd5 Re8 31. Qf7 Qh2 32. Re1 b6 33. Bd5 c6 34. Bxc6 Rxe1+ 35. Bxe1 Nf5 36. Qxd7+ Kb8 37. Qb7# 1-0

[Event "GER-chT U18 Girls"]
[Site "Germany"]
[Date "2011.05.14"]
[Round "6.3"]
[White "Joers, Pia Milena"]
[Black "Samohvalov, Annika"]
[Result "1/2-1/2"]
[WhiteElo "800"]
[BlackElo "800"]
[PlyCount "79"]
[EventDate "2011.05.13"]
[EventType "team-swiss"]
[EventRounds "7"]
[EventCountry "GER"]
[SourceTitle "EXT 2012"]
[Source "ChessBase"]
[SourceDate "2011.11.24"]
[SourceVersion "1"]
[SourceVersionDate "2011.11.24"]
[SourceQuality "1"]
[WhiteTeam "Remplin Benjamins (W)"]
[BlackTeam "Carolinum Gymn (W)"]
[WhiteTeamCountry "GER"]
[BlackTeamCountry "GER"]

1. e4 e5 2. Nf3 Nc6 3. Bb5 a6 4. Bc4 Bc5 5. 0-0 Nf6 6. d3 d6 7. Bg5 h6 8. Bd2 Bg4 9. Nc3 0-0 10. Qe1 b5 11. Bd5 Nxd5 12. exd5 Nb4 13. a3 Nxc2 14. Qb1 Nxa1 15. Qxa1 Bxf3 16. gxf3 b4 17. Ne4 bxa3 18. bxa3 Bd4 19. Ba5 Bxa1 20. Rxa1 Rb8 21. Nd2 Qg5+ 22. Kf1 Qxd2 23. Bxd2 Rb5 24. a4 Rb2 25. Bc3 Rb3 26. Ba5 Rc8 27. Rc1 Rb7 28. f4 exf4 29. h4 c5 30. Bc3 Rcb8 31. Ke2 Rb1 32. Re1 Rxe1+ 33. Bxe1 Rb2+ 34. Kf3 g5 35. h5 Kg7 36. Bc3+ f6 37. Bxb2 Kf7 38. d4 cxd4 39. Bxd4 Ke7 40. Kg4 1/2-1/2